=LDR 00000nam 2200000 4500 =001 INLIS000000000031462 =005 20231214070615 =035 ##$$a 0010-061300000031462 =008 231214################g##########0#ind## =041 ##$$a Ind =082 ##$$a 155.412 02 =090 ##$$a 155, Dar d =245 1#$$a Mengenal dunia kanak-kanak : $b Seri Psikologi Terapan IV /$c Penyunting, Dra. Kartini Kartono =260 ##$$a Jakarta :$b Rajawali,$c 1985 =300 ##$$a x, 84 hlm, ; $c 20 cm =650 #4$$a Dunia - Kanak-kanak =850 ##$$a NBPNMAT =084 ##$$a 155.412 02 KAR m =100 #$$a Kartini Kartono =990 ##$$a 0001/BPAP-NTB/2015 =990 ##$$a 36.443 pro 90-91